Matter, matter everywhere
The contens this book is presented properties, matter, solids, liquids, gases, matter can change,...
সংরক্ষণ করুন:
| বিন্যাস: | গ্রন্থ |
|---|---|
| ভাষা: | Undetermined |
| প্রকাশিত: |
New York
Mcgraw-Hill School /School division
2000
|
| বিষয়গুলি: | |
| ট্যাগগুলো: |
ট্যাগ যুক্ত করুন
কোনো ট্যাগ নেই, প্রথমজন হিসাবে ট্যাগ করুন!
|
| Thư viện lưu trữ: | Trung tâm Học liệu Trường Đại học Cần Thơ |
|---|
| LEADER | 00690nam a2200193Ia 4500 | ||
|---|---|---|---|
| 001 | CTU_141125 | ||
| 008 | 210402s9999 xx 000 0 und d | ||
| 082 | |a 372.3 | ||
| 082 | |b M435/Vol.1 | ||
| 245 | 0 | |a Matter, matter everywhere | |
| 245 | 0 | |c Richard Moyer,...[et al. ] | |
| 260 | |a New York | ||
| 260 | |b Mcgraw-Hill School /School division | ||
| 260 | |c 2000 | ||
| 520 | |a The contens this book is presented properties, matter, solids, liquids, gases, matter can change,... | ||
| 650 | |a Science,Science,Khoa học | ||
| 650 | |x Study and teaching (Elementary),Problems, exercises, etc.,Dạy và học | ||
| 904 | |i Năm | ||
| 980 | |a Trung tâm Học liệu Trường Đại học Cần Thơ | ||